[Event "SVK-ch U12"]
[Site "Tatralandia"]
[Date "2015.04.21"]
[Round "5"]
[White "Matis, Daniel"]
[Black "Piovar, Richard"]
[Result "1-0"]
[WhiteElo "1640"]
[BlackElo "1407"]
[PlyCount "85"]
[EventDate "2015.04.18"]
[EventType "swiss"]
[EventRounds "9"]
[EventCountry "SVK"]
[SourceTitle "CBM 166 Extra"]
[Source "ChessBase"]
[SourceDate "2015.06.18"]
[SourceVersion "1"]
[SourceVersionDate "2015.06.18"]
[SourceQuality "1"]

1. e4 e6 2. d4 d5 3. Nd2 Nc6 4. c3 e5 5. Ngf3 dxe4 6. Nxe4 exd4 7. cxd4 Bb4+ 8. Nc3 Bg4 9. Bc4 Nf6 10. Be3 0-0 11. 0-0 Re8 12. a3 Bd6 13. h3 Be6 14. Bxe6 fxe6 15. Bg5 h6 16. Bh4 Rf8 17. d5 exd5 18. Nxd5 g5 19. Nxf6+ Qxf6 20. Bg3 Rad8 21. Bxd6 Rxd6 22. Qb3+ Qf7 23. Qc2 Qd7 24. Rae1 g4 25. Qc4+ Kh8 26. hxg4 Rg8 27. Nh2 Rdg6 28. Qb3 Nd4 29. Qc3 Kh7 30. Re4 Rxg4 31. Nxg4 Rxg4 32. Qd3 Rxe4 33. Qxe4+ Kg8 34. Re1 Kf8 35. Qf4+ Kg7 36. Qe3 Nf5 37. Qe5+ Kf7 38. Rc1 Nd6 39. Rc3 Kg8 40. Rg3+ Kh7 41. Qd5 Qd8 42. Qd3+ Kh8 43. Qd4+ 1-0

[Event "SVK-ch U12"]
[Site "Tatralandia"]
[Date "2015.04.20"]
[Round "4"]
[White "Piovar, Richard"]
[Black "Gzib, David"]
[Result "1-0"]
[WhiteElo "1407"]
[BlackElo "1601"]
[PlyCount "99"]
[EventDate "2015.04.18"]
[EventType "swiss"]
[EventRounds "9"]
[EventCountry "SVK"]
[SourceTitle "CBM 166 Extra"]
[Source "ChessBase"]
[SourceDate "2015.06.18"]
[SourceVersion "1"]
[SourceVersionDate "2015.06.18"]
[SourceQuality "1"]

1. e4 e5 2. Nf3 Nc6 3. Bc4 Nf6 4. Ng5 d5 5. exd5 Na5 6. Bb5+ c6 7. dxc6 bxc6 8. Bd3 Nd5 9. Ne4 f5 10. Nec3 Bd6 11. b3 0-0 12. Be2 Bb7 13. d3 c5 14. Rg1 e4 15. Nxd5 Bxd5 16. Nc3 Bb7 17. f3 Qh4+ 18. Kf1 Rae8 19. Bd2 e3 20. Be1 Qg5 21. Qc1 Bxh2 22. Rh1 Bg3 23. Bxg3 Qxg3 24. Qe1 Qxe1+ 25. Kxe1 f4 26. Nb5 a6 27. Nd6 Re6 28. Ne4 Bxe4 29. dxe4 Rd8 30. Bd3 Nc6 31. Bc4 Kf7 32. Bxe6+ Kxe6 33. Rd1 Nd4 34. c3 Nc2+ 35. Ke2 Rxd1 36. Rxd1 Na3 37. Rd5 c4 38. Ra5 Nb1 39. Rxa6+ Ke5 40. bxc4 Nxc3+ 41. Ke1 Kd4 42. a4 Kd3 43. Rd6+ Kc2 44. c5 g5 45. c6 h5 46. c7 g4 47. c8Q gxf3 48. gxf3 h4 49. e5 e2 50. Rd2+ 1-0

[Event "SVK-ch U12"]
[Site "Tatralandia"]
[Date "2015.04.18"]
[Round "1"]
[White "Hadzala, Jan"]
[Black "Piovar, Richard"]
[Result "0-1"]
[WhiteElo "1000"]
[BlackElo "1407"]
[PlyCount "78"]
[EventDate "2015.04.18"]
[EventType "swiss"]
[EventRounds "9"]
[EventCountry "SVK"]
[SourceTitle "CBM 166 Extra"]
[Source "ChessBase"]
[SourceDate "2015.06.18"]
[SourceVersion "1"]
[SourceVersionDate "2015.06.18"]
[SourceQuality "1"]

1. e4 e5 2. Nc3 Nf6 3. Nf3 Nc6 4. Bb5 Bb4 5. Bxc6 dxc6 6. Nxe5 Bxc3 7. bxc3 Qe7 8. 0-0 Qxe5 9. d3 Qxc3 10. Rb1 0-0 11. Bb2 Qc5 12. Bxf6 gxf6 13. Qf3 Qg5 14. g3 Kh8 15. h4 Qg6 16. h5 Qg5 17. Qe2 b6 18. f4 Qxg3+ 19. Qg2 Qxg2+ 20. Kxg2 f5 21. exf5 Bxf5 22. Rf3 Rg8+ 23. Rg3 Rxg3+ 24. Kxg3 Rg8+ 25. Kf2 Rg4 26. Rb4 Rh4 27. Rd4 Rxh5 28. Rd8+ Kg7 29. Ra8 a5 30. Ra7 Rh2+ 31. Kg1 Rxc2 32. Rxc7 h5 33. Rxc6 Rxc6 34. Kg2 h4 35. Kh2 Rc2+ 36. Kg1 h3 37. Kh1 Bxd3 38. Kg1 h2+ 39. Kh1 Be4# 0-1

[Event "SVK-ch U10"]
[Site "Lubovna"]
[Date "2013.04.06"]
[Round "1"]
[White "Choma, Michal"]
[Black "Piovar, Richard"]
[Result "0-1"]
[WhiteElo "1000"]
[BlackElo "1421"]
[PlyCount "106"]
[EventDate "2013.04.06"]
[EventType "swiss"]
[EventRounds "9"]
[EventCountry "SVK"]
[SourceTitle "CBM 153 Extra"]
[Source "ChessBase"]
[SourceDate "2013.04.22"]
[SourceVersion "1"]
[SourceVersionDate "2013.04.22"]
[SourceQuality "1"]

1. e4 e5 2. Nf3 Nc6 3. Nc3 Nf6 4. Bb5 Bb4 5. d3 a6 6. Bxc6 dxc6 7. Nxe5 Qd4 8. Nf3 Bxc3+ 9. bxc3 Qxc3+ 10. Bd2 Qc5 11. 0-0 0-0 12. a3 Qh5 13. Bb4 Re8 14. Bc3 Bg4 15. Bxf6 Bxf3 16. Qxf3 Qxf3 17. gxf3 gxf6 18. Kh1 Kh8 19. Rg1 Rg8 20. Rxg8+ Rxg8 21. Rb1 b6 22. c4 b5 23. cxb5 cxb5 24. Rc1 Rd8 25. Rxc7 Rxd3 26. Rxf7 Rxf3 27. Kg2 Rxa3 28. Rxf6 Ra1 29. e5 Re1 30. e6 b4 31. Rf8+ Kg7 32. Rf7+ Kg6 33. f4 Rxe6 34. f5+ Kxf7 35. fxe6+ Kxe6 36. Kf2 b3 37. Ke2 b2 38. Kf3 b1Q 39. Kf4 a5 40. h4 a4 41. h5 a3 42. h6 a2 43. Ke3 a1Q 44. Kf4 Qf6+ 45. Kg4 Qxh6 46. Kf3 Qhg6 47. Kf2 h5 48. Kf3 h4 49. Kf2 h3 50. Kf3 h2 51. Kf2 h1Q 52. Ke3 Qge4+ 53. Kf2 Qhg2# 0-1

[Event "Zilina Region-ch"]
[Site "Zilina"]
[Date "2012.05.04"]
[Round "1"]
[White "Piovar, Richard"]
[Black "Piovar, Jaroslav"]
[Result "1-0"]
[WhiteElo "1145"]
[BlackElo "1554"]
[PlyCount "59"]
[EventDate "2012.05.04"]
[EventType "swiss"]
[EventRounds "7"]
[EventCountry "SVK"]
[SourceTitle "CBM 148 Extra"]
[Source "ChessBase"]
[SourceDate "2012.06.22"]
[SourceVersion "1"]
[SourceVersionDate "2012.06.22"]
[SourceQuality "1"]

1. c4 c5 2. Nf3 Nc6 3. g3 b6 4. Bg2 Bb7 5. e3 Nf6 6. d4 cxd4 7. exd4 e6 8. Ne5 Be7 9. 0-0 0-0 10. Bf4 d6 11. Nd3 Nxd4 12. Bxb7 Rb8 13. Nb4 Nf3+ 14. Kh1 Rxb7 15. Nc6 Qd7 16. Nxe7+ Qxe7 17. Bxd6 Qe8 18. Qxf3 Qc8 19. Bxf8 Kxf8 20. Nc3 Rc7 21. Nb5 Rxc4 22. Nd6 Qc7 23. Nxc4 Qxc4 24. Qa8+ Ke7 25. Qxa7+ Nd7 26. Rfd1 Qc6+ 27. f3 Ke8 28. Rac1 Nc5 29. Kg2 g6 30. b4 1-0

[Event "SVK-ch U10"]
[Site "Lubovnianske Kupele"]
[Date "2012.03.23"]
[Round "8"]
[White "Piovar, Richard"]
[Black "Kanassy, Martin"]
[Result "1-0"]
[WhiteElo "1140"]
[BlackElo "1000"]
[PlyCount "72"]
[EventDate "2012.03.17"]
[EventType "swiss"]
[EventRounds "9"]
[EventCountry "SVK"]
[SourceTitle "CBM 147 Extra"]
[Source "ChessBase"]
[SourceDate "2012.04.24"]
[SourceVersion "1"]
[SourceVersionDate "2012.04.24"]
[SourceQuality "1"]

1. c4 e5 2. Nc3 Nf6 3. g3 Nc6 4. Bg2 Bc5 5. d3 d6 6. Be3 Bxe3 7. fxe3 0-0 8. d4 exd4 9. exd4 Bf5 10. e4 Bg6 11. Nh3 Re8 12. Qd3 Qe7 13. Nf2 Rad8 14. b3 Nb4 15. Qe2 c5 16. Rd1 Bh5 17. g4 Bg6 18. h4 h6 19. g5 Nd7 20. h5 Bh7 21. gxh6 gxh6 22. Qg4+ Qg5 23. Qxg5+ hxg5 24. 0-0 Nf6 25. h6 g4 26. Kh2 Bg6 27. Kg3 Bh5 28. Nd5 Nfxd5 29. exd5 Kh7 30. Nxg4 Bxg4 31. Kxg4 Kxh6 32. Kf5 Kg7 33. Bf3 Kf8 34. Kf6 a6 35. Rh1 Kg8 36. Rdg1+ Kf8 1-0

[Event "SVK-ch U10"]
[Site "Lubovnianske Kupele"]
[Date "2012.03.22"]
[Round "7"]
[White "Brnusak, Andrej"]
[Black "Piovar, Richard"]
[Result "1/2-1/2"]
[WhiteElo "1302"]
[BlackElo "1140"]
[PlyCount "63"]
[EventDate "2012.03.17"]
[EventType "swiss"]
[EventRounds "9"]
[EventCountry "SVK"]
[SourceTitle "CBM 147 Extra"]
[Source "ChessBase"]
[SourceDate "2012.04.24"]
[SourceVersion "1"]
[SourceVersionDate "2012.04.24"]
[SourceQuality "1"]

1. d4 d5 2. c4 e6 3. Nf3 c5 4. e3 Nc6 5. b3 Bd6 6. Bb2 f6 7. Nbd2 Nge7 8. e4 0-0 9. Bd3 Qb6 10. dxc5 Bxc5 11. 0-0 d4 12. Re1 e5 13. Nf1 Bg4 14. h3 Bh5 15. Ng3 Bg6 16. a3 a5 17. Qc2 Kh8 18. Nh4 Bf7 19. Rf1 Kg8 20. Kh1 Kh8 21. Nhf5 Ng6 22. h4 Nf4 23. f3 Nxd3 24. Qxd3 a4 25. b4 Be7 26. c5 Qd8 27. Nxe7 Qxe7 28. Nf5 Qd7 29. Nd6 Be6 30. Qb5 Rfb8 31. f4 g6 32. Rac1 1/2-1/2

[Event "SVK-ch U10"]
[Site "Lubovnianske Kupele"]
[Date "2012.03.19"]
[Round "3"]
[White "Zelinsky, Martin"]
[Black "Piovar, Richard"]
[Result "0-1"]
[WhiteElo "1000"]
[BlackElo "1140"]
[PlyCount "94"]
[EventDate "2012.03.17"]
[EventType "swiss"]
[EventRounds "9"]
[EventCountry "SVK"]
[SourceTitle "CBM 147 Extra"]
[Source "ChessBase"]
[SourceDate "2012.04.24"]
[SourceVersion "1"]
[SourceVersionDate "2012.04.24"]
[SourceQuality "1"]

1. e4 e5 2. Nf3 Nc6 3. Nc3 Nf6 4. Bc4 Nxe4 5. Nxe4 d5 6. Bd3 dxe4 7. Bxe4 f5 8. Bxc6+ bxc6 9. Nxe5 Qe7 10. Qe2 Bb7 11. 0-0 c5 12. d3 Qe6 13. Bg5 Bd6 14. Rfe1 0-0 15. Nc4 Qg6 16. Qe6+ Qxe6 17. Rxe6 Rae8 18. Rxe8 Rxe8 19. b3 Re2 20. Kf1 Rxc2 21. Na5 Bd5 22. f3 Bxh2 23. a4 Bf7 24. Rb1 Bd6 25. Nc4 Bf8 26. b4 cxb4 27. Rxb4 Bxb4 28. Ne5 h6 29. Nxf7 Kxf7 30. Bd8 c5 31. a5 a6 32. Bb6 Rd2 33. Ke1 Rxg2+ 34. Kf1 Ra2 35. d4 cxd4 36. Bxd4 Bxa5 37. f4 Bc7 38. Be5 Bxe5 39. fxe5 a5 40. Ke1 a4 41. Kd1 h5 42. Kc1 a3 43. Kb1 Re2 44. Kc1 a2 45. Kd1 Rg2 46. e6+ Kxe6 47. Kc1 a1R# 0-1